00670nam a2200241 a 4500001001300000003000900013005001700022008004100039020000800080082001500088100002200103245002600125260003400151300000900185500003500194505001000229650002600239700002200265902000800287942000700295952011100302999001500413nice12345678IN_TiNIC20260116011443.0050524s1961 hyda grp 000 0 urd  ac400a891.4bSAB aSabzwari, Shaukat aDastan-E-Zaban-E-Urdu aHyderabad bUrdu Markazc1961 a214p aincludes index and biblioraphy2 aIndex aUrdu-Language History1 aSabzwari, Shaukat bSRS cBK 001040708StackRoom-aHMIbHMId2007-06-15g4.00l0o891.4 SABp03745r2007-06-15v4.00w2005-05-24yBK c1677d1677